<?xml version="1.0" encoding="UTF-8"?>
<record
    xmlns:xsi="http://www.w3.org/2001/XMLSchema-instance"
    xsi:schemaLocation="http://www.loc.gov/MARC21/slim http://www.loc.gov/standards/marcxml/schema/MARC21slim.xsd"
    xmlns="http://www.loc.gov/MARC21/slim">

  <leader>01241nam a22002417a 4500</leader>
  <controlfield tag="003">Uzh_bibl</controlfield>
  <controlfield tag="008">260525b        |||||||| |||| 00| 0 ukr d</controlfield>
  <datafield tag="020" ind1=" " ind2=" ">
    <subfield code="a">978-0-440-86507-0</subfield>
    <subfield code="c">100.00</subfield>
  </datafield>
  <datafield tag="040" ind1=" " ind2=" ">
    <subfield code="b">&#x443;&#x43A;&#x440;.</subfield>
  </datafield>
  <datafield tag="041" ind1=" " ind2=" ">
    <subfield code="2">eng</subfield>
    <subfield code="a">eng</subfield>
  </datafield>
  <datafield tag="080" ind1=" " ind2=" ">
    <subfield code="a">821(410)</subfield>
  </datafield>
  <datafield tag="090" ind1=" " ind2=" ">
    <subfield code="a">821(410)</subfield>
    <subfield code="b">&#x41C; 83</subfield>
  </datafield>
  <datafield tag="100" ind1=" " ind2=" ">
    <subfield code="a"> Morpurgo, Michael </subfield>
  </datafield>
  <datafield tag="245" ind1=" " ind2=" ">
    <subfield code="a">The Last Wolf</subfield>
    <subfield code="h">Text</subfield>
    <subfield code="c">il.Michael Foreman</subfield>
  </datafield>
  <datafield tag="260" ind1=" " ind2=" ">
    <subfield code="a">London</subfield>
    <subfield code="b">Doubleday</subfield>
    <subfield code="c">2010</subfield>
  </datafield>
  <datafield tag="300" ind1=" " ind2=" ">
    <subfield code="a">92 s.</subfield>
  </datafield>
  <datafield tag="520" ind1=" " ind2=" ">
    <subfield code="a">Michael Morpurgo has created a sweeping and dramatic story in the time of Bonnie Prince Charlie. This spellbinding tale is complemented perfectly by Michael Foreman's illustrations.

Robbie McLeod and a wolf cub, both orphaned, venture far from their birthplace, a land of rebellious fighters and vicious redcoats. There is little constancy in Robbie's adventurous life, save for the companionship of his wolf. But when at last Robbie finds a place where he can peacefully make his home, he knows in his heart that the wolf must find his own natural home too . . .</subfield>
  </datafield>
  <datafield tag="521" ind1=" " ind2=" ">
    <subfield code="a">&#x414;&#x43B;&#x44F; &#x43F;&#x456;&#x434;&#x43B;&#x456;&#x442;&#x43A;&#x456;&#x432;</subfield>
  </datafield>
  <datafield tag="525" ind1=" " ind2=" ">
    <subfield code="a">&#x414;&#x43B;&#x44F; &#x441;&#x442;&#x430;&#x440;&#x448;&#x43E;&#x433;&#x43E; &#x448;&#x43A;&#x456;&#x43B;&#x44C;&#x43D;&#x43E;&#x433;&#x43E; &#x432;&#x456;&#x43A;&#x443;</subfield>
  </datafield>
  <datafield tag="546" ind1=" " ind2=" ">
    <subfield code="a">&#x443;&#x43A;&#x440;.</subfield>
  </datafield>
  <datafield tag="650" ind1=" " ind2=" ">
    <subfield code="a">&#x41B;&#x456;&#x442;&#x435;&#x440;&#x430;&#x442;&#x443;&#x440;&#x43D;&#x43E;-&#x445;&#x443;&#x434;&#x43E;&#x436;&#x43D;&#x435; &#x432;&#x438;&#x434;&#x430;&#x43D;&#x43D;&#x44F;</subfield>
  </datafield>
  <datafield tag="942" ind1=" " ind2=" ">
    <subfield code="2">udc</subfield>
    <subfield code="c">BK</subfield>
  </datafield>
  <datafield tag="999" ind1=" " ind2=" ">
    <subfield code="c">18024</subfield>
    <subfield code="d">18024</subfield>
  </datafield>
  <datafield tag="952" ind1=" " ind2=" ">
    <subfield code="0">0</subfield>
    <subfield code="1">0</subfield>
    <subfield code="2">udc</subfield>
    <subfield code="4">0</subfield>
    <subfield code="7">0</subfield>
    <subfield code="a">MBdD</subfield>
    <subfield code="b">MBdD</subfield>
    <subfield code="d">2026-04-23</subfield>
    <subfield code="e">&#x41F;&#x43E;&#x434;&#x430;&#x440;&#x43E;&#x432;&#x430;&#x43D;&#x456;</subfield>
    <subfield code="i">80886</subfield>
    <subfield code="l">0</subfield>
    <subfield code="o">821(410)</subfield>
    <subfield code="p">19446</subfield>
    <subfield code="r">2026-06-01</subfield>
    <subfield code="w">2026-06-01</subfield>
    <subfield code="y">BK</subfield>
  </datafield>
</record>
